| 000 | 00454nam a22001457a 4500 | ||
|---|---|---|---|
| 020 | _qHB. | ||
| 040 | _cFIZZA ISHAQ | ||
| 082 |
_a433.21 _bTER |
||
| 100 |
_aVeronika Schnorr, Peter Terrell. _9134347 |
||
| 245 |
_aCollins German Dictionary : German-English, English-German / _c Peter Terrell Veronika Schnorr. |
||
| 250 | _a2nd ED. | ||
| 260 |
_aNew York: _b William Collins Sons & Co Ltd, _c1980. |
||
| 300 |
_axxvi ; 902 P. ; _c25 cm |
||
| 942 |
_2ddc _cBK |
||
| 999 |
_c617325 _d617325 |
||